[Event "Amager-ch D"]
[Site "Amager"]
[Date "2014.10.21"]
[Round "7"]
[White "Nielsen, Bjorn1111"]
[Black "Goschal, Theodor B"]
[Result "0-1"]
[WhiteElo "1050"]
[BlackElo "1200"]
[PlyCount "134"]
[EventDate "2014.08.19"]
[EventType "tourn"]
[EventRounds "7"]
[EventCountry "DEN"]
[SourceTitle "EXT 2023"]
[Source "ChessBase"]
[SourceDate "2022.10.05"]
[SourceVersion "1"]
[SourceVersionDate "2022.10.05"]
[SourceQuality "1"]

1. e4 c5 2. d4 cxd4 3. Qxd4 Nc6 4. Qd1 e5 5. Nf3 Nf6 6. Nc3 Bb4 7. Bd2 d6 8. Bd3 0-0 9. 0-0 Bg4 10. Re1 a6 11. b3 Rc8 12. Na4 Bxd2 13. Qxd2 Bxf3 14. gxf3 Nd4 15. Qe3 b5 16. Nb2 Rxc2 17. Bxc2 Nxc2 18. Qc3 Nxa1 19. Rxa1 Nh5 20. Kh1 Nf4 21. Rg1 Ne2 22. Qe1 Nxg1 23. Qxg1 Qh4 24. Qg3 Qxg3 25. hxg3 Rc8 26. Nd3 Rc3 27. Nb4 a5 28. Nd5 Rxf3 29. Kg2 Rd3 30. Ne7+ Kf8 31. Nc6 a4 32. b4 Ra3 33. Na7 Rxa2 34. Nxb5 a3 35. Nxd6 Ke7 36. Nf5+ Kf8 37. Nd6 f6 38. b5 Ke7 39. Nc4 Kd7 40. Kf3 Kc7 41. Ke3 Ra1 42. Kd3 a2 43. Ne3 Kb6 44. Nc2 Rb1 45. Kc3 Kxb5 46. f3 a1Q+ 47. Nxa1 Rxa1 48. f4 Ra3+ 49. Kc2 Rxg3 50. fxe5 fxe5 51. Kd2 h5 52. Ke2 h4 53. Kf2 Ra3 54. Kg2 g5 55. Kf2 Kc4 56. Ke2 Kd4 57. Kd2 Kxe4 58. Kc2 h3 59. Kb2 Rf3 60. Kc2 h2 61. Kd2 h1Q 62. Ke2 g4 63. Kd2 Qg1 64. Kc2 Qd4 65. Kc1 Rc3+ 66. Kb2 Qb4+ 67. Ka2 Ra3# 0-1

[Event "Amager-ch D"]
[Site "Amager"]
[Date "2014.09.23"]
[Round "5"]
[White "Host Madsen, William"]
[Black "Goschal, Theodor B"]
[Result "0-1"]
[WhiteElo "1200"]
[BlackElo "1200"]
[PlyCount "85"]
[EventDate "2014.08.19"]
[EventType "tourn"]
[EventRounds "7"]
[EventCountry "DEN"]
[SourceTitle "EXT 2023"]
[Source "ChessBase"]
[SourceDate "2022.10.05"]
[SourceVersion "1"]
[SourceVersionDate "2022.10.05"]
[SourceQuality "1"]

1. d4 d5 2. Nf3 Nf6 3. Bf4 Nc6 4. c3 e6 5. e3 Bd6 6. Bg3 0-0 7. Bd3 Re8 8. Nbd2 e5 9. dxe5 Nxe5 10. Nxe5 Bxe5 11. Nf3 Bg4 12. Qc2 Be6 13. 0-0-0 Ne4 14. Rde1 c6 15. Nd4 Qd7 16. f3 Bxg3 17. hxg3 Bf5 18. fxe4 dxe4 19. Be2 Bg6 20. Bh5 Qd5 21. Bxg6 fxg6 22. Kb1 b5 23. Nb3 a5 24. Nc1 Qc4 25. Rh4 b4 26. cxb4 Qd5 27. Rd1 Qb5 28. Rxe4 Rxe4 29. Qxe4 axb4 30. Rd6 b3 31. a3 Qc5 32. Qxc6 Qf5+ 33. e4 Qa5 34. Nxb3 Qe1+ 35. Nc1 Rb8 36. Rd7 Qf2 37. Rb7 Rd8 38. Ra7 Qxa7 39. e5 Qe3 40. e6 Rb8 41. Qc7 Qe4+ 42. Ka1 Re8 43. Qf7+ 0-1